00206nam a22000857a 4500100001900000245004500019260002600064300000800090650002200098 aPerera,Anton.S aMolecular Docking of Human K-RAS protien aColombobIchemcc2015 a145 aMolecular Docking